[Event "EU Amateur-ch"]
[Site "Ruzomberok"]
[Date "2016.06.09"]
[Round "5"]
[White "Kosar, Mikulas"]
[Black "Korman, Roman"]
[Result "0-1"]
[WhiteElo "1837"]
[BlackElo "1772"]
[PlyCount "94"]
[EventDate "2016.06.06"]
[EventType "swiss"]
[EventRounds "9"]
[EventCountry "SVK"]
[SourceTitle "CBM 172 Extra"]
[Source "ChessBase"]
[SourceDate "2016.06.21"]
[SourceVersion "1"]
[SourceVersionDate "2016.06.21"]
[SourceQuality "1"]

1. d4 c5 2. dxc5 e6 3. e4 Bxc5 4. Nc3 Ne7 5. Nf3 Qb6 6. Qd2 Bb4 7. a3 Bxc3 8. Qxc3 0-0 9. Bd3 Nbc6 10. Be3 Qc7 11. Rd1 d5 12. Bc5 Qf4 13. e5 b6 14. g3 Qxf3 15. Bxh7+ Kxh7 16. Qxf3 bxc5 17. c3 Kg8 18. Qe2 a5 19. f4 Ba6 20. Qf2 d4 21. Qd2 Nd5 22. cxd4 cxd4 23. Rc1 Rac8 24. h4 d3 25. Kf2 Nd4 26. Rxc8 Rxc8 27. Rc1 Rc2 28. Rxc2 dxc2 29. h5 a4 30. g4 Bd3 31. Qxd3 c1Q 32. Qxd4 Qxf4+ 33. Qxf4 Nxf4 34. Ke3 Nd5+ 35. Kd4 Kf8 36. g5 Nf4 37. h6 g6 38. Kc4 Nh3 39. h7 Kg7 40. b4 axb3 41. Kxb3 Nxg5 42. a4 Nf3 43. a5 Nxe5 44. a6 Nd7 45. a7 Nb6 46. Kb4 e5 47. Kb5 Na8 0-1

[Event "Krakow op-B 24th"]
[Site "Krakow"]
[Date "2013.12.27"]
[Round "1.6"]
[White "Korman, Roman"]
[Black "Betkowski, Andrzej"]
[Result "0-1"]
[WhiteElo "1830"]
[BlackElo "2076"]
[PlyCount "110"]
[EventDate "2013.12.27"]
[EventType "swiss"]
[EventRounds "9"]
[EventCountry "POL"]
[SourceTitle "EXT 2023"]
[Source "ChessBase"]
[SourceDate "2022.10.05"]
[SourceVersion "1"]
[SourceVersionDate "2022.10.05"]
[SourceQuality "1"]

1. e4 e6 2. d4 d5 3. Nc3 Nc6 4. Nf3 Nf6 5. e5 Ne4 6. Bd3 Bb4 7. Bd2 Nxd2 8. Qxd2 f6 9. Qf4 0-0 10. Qh4 g6 11. 0-0-0 fxe5 12. Qxd8 Rxd8 13. dxe5 Bd7 14. h4 Be7 15. Rh3 Nb4 16. Be2 c5 17. a3 Nc6 18. Rg3 Kh8 19. Rh1 Rg8 20. Nd1 Raf8 21. Ne3 Nd4 22. Bd1 Nf5 23. Nxf5 exf5 24. Rgh3 h6 25. e6 Bc6 26. Ne5 Re8 27. h5 g5 28. Re1 g4 29. Nxc6 gxh3 30. Nxe7 Rxe7 31. gxh3 d4 32. Bf3 Rd8 33. Re5 b6 34. Bc6 Kg7 35. Bd7 Kf6 36. Re1 Rg8 37. Kd2 Rg2 38. Re2 Rh2 39. f4 Rxh3 40. Rg2 Rxh5 41. Rg8 Rh2+ 42. Kd3 Rf2 43. Kc4 Rxe6 44. Bxe6 Kxe6 45. Rg6+ Kf7 46. Rxh6 Rxc2+ 47. Kb3 d3 48. Rh7+ Ke6 49. Rh6+ Kd5 50. Rh8 c4+ 51. Kb4 Rxb2+ 52. Ka4 b5+ 53. Ka5 d2 54. a4 c3 55. axb5 c2 0-1

[Event "Kesarovski Georgiev Memorial-B 12th"]
[Site "Sunny Beach"]
[Date "2013.09.04"]
[Round "5"]
[White "Asparuhov, Parvan"]
[Black "Korman, Roman"]
[Result "1-0"]
[WhiteElo "2104"]
[BlackElo "1875"]
[PlyCount "75"]
[EventDate "2013.08.31"]
[EventType "swiss"]
[EventRounds "9"]
[EventCountry "BUL"]
[SourceTitle "CBM 156 Extra"]
[Source "ChessBase"]
[SourceDate "2013.10.22"]
[SourceVersion "1"]
[SourceVersionDate "2013.10.22"]
[SourceQuality "1"]

1. e4 c5 2. c3 e6 3. d4 d5 4. exd5 exd5 5. Nf3 Nf6 6. Be2 Be7 7. 0-0 0-0 8. Nbd2 Nc6 9. dxc5 Bxc5 10. Nb3 Be7 11. Nbd4 h6 12. h3 Bd6 13. Bd3 Bb8 14. Re1 Nxd4 15. Nxd4 Qd6 16. Nf3 Bd7 17. Be3 Bc6 18. Bd4 Ne4 19. Be5 Qc5 20. Qc2 Re8 21. Bxb8 Raxb8 22. Nd4 Nf6 23. Qd2 Ne4 24. Qc2 Nf6 25. Rad1 Qa5 26. Ra1 Rxe1+ 27. Rxe1 Qxa2 28. Nf5 Bd7 29. Nd4 Qa5 30. Qd2 Qc7 31. Bf5 Bxf5 32. Nxf5 Qd7 33. Qf4 Re8 34. Ra1 Re4 35. Qf3 Qc6 36. Qg3 Nh5 37. Nxh6+ Kf8 38. Qf3 1-0

[Event "Kesarovski Georgiev Memorial-B 12th"]
[Site "Sunny Beach"]
[Date "2013.09.03"]
[Round "4"]
[White "Korman, Roman"]
[Black "Pronin, Vladimir"]
[Result "0-1"]
[WhiteElo "1875"]
[BlackElo "2056"]
[PlyCount "49"]
[EventDate "2013.08.31"]
[EventType "swiss"]
[EventRounds "9"]
[EventCountry "BUL"]
[SourceTitle "CBM 156 Extra"]
[Source "ChessBase"]
[SourceDate "2013.10.22"]
[SourceVersion "1"]
[SourceVersionDate "2013.10.22"]
[SourceQuality "1"]

1. e4 e5 2. Nf3 d6 3. d4 exd4 4. Nxd4 Nf6 5. Bd3 Be7 6. 0-0 0-0 7. h3 Re8 8. Nc3 c6 9. Be3 a5 10. f4 Bf8 11. Nf3 g6 12. Qd2 Na6 13. e5 dxe5 14. fxe5 Nd5 15. Nxd5 Qxd5 16. c4 Qd8 17. Rad1 Nc5 18. Ng5 Qxd3 19. Qxd3 Nxd3 20. Rxd3 Rxe5 21. Rxf7 Bf5 22. Bf4 Re1+ 23. Kf2 Rae8 24. Rxf5 gxf5 25. Rd7 0-1

[Event "Lvov March Rating"]
[Site "Lvov"]
[Date "2013.03.24"]
[Round "6"]
[White "Korman, Roman"]
[Black "Salevich, Volodimir"]
[Result "0-1"]
[WhiteElo "1898"]
[BlackElo "2021"]
[PlyCount "58"]
[EventDate "2013.03.22"]
[EventType "tourn"]
[EventRounds "9"]
[EventCountry "UKR"]
[SourceTitle "CBM 153 Extra"]
[Source "ChessBase"]
[SourceDate "2013.04.22"]
[SourceVersion "1"]
[SourceVersionDate "2013.04.22"]
[SourceQuality "1"]

1. e4 c5 2. b4 cxb4 3. a3 d5 4. e5 Nc6 5. d4 Qb6 6. Be3 Bf5 7. c4 bxc3 8. Nxc3 e6 9. g4 Bg6 10. f4 h5 11. f5 exf5 12. Rb1 Qa5 13. Bd2 a6 14. Rxb7 Bxa3 15. gxf5 Bxf5 16. Nb5 Qd8 17. Nc7+ Kf8 18. Qa4 Qh4+ 19. Kd1 Qe4 20. Qxa3+ Nge7 21. Nxa8 Qxh1 22. Qe3 Bg4+ 23. Be2 Nf5 24. Qf2 Bxe2+ 25. Kxe2 Ncxd4+ 26. Kd1 Qe4 27. Rb8+ Ke7 28. Rxh8 Qc2+ 29. Ke1 Qb1+ 0-1

[Event "Lvov March Rating"]
[Site "Lvov"]
[Date "2013.03.24"]
[Round "5"]
[White "Sanotsky, Yuriy"]
[Black "Korman, Roman"]
[Result "1/2-1/2"]
[WhiteElo "1993"]
[BlackElo "1898"]
[PlyCount "43"]
[EventDate "2013.03.22"]
[EventType "tourn"]
[EventRounds "9"]
[EventCountry "UKR"]
[SourceTitle "CBM 153 Extra"]
[Source "ChessBase"]
[SourceDate "2013.04.22"]
[SourceVersion "1"]
[SourceVersionDate "2013.04.22"]
[SourceQuality "1"]

1. b3 Nc6 2. Bb2 e5 3. e3 Nf6 4. Nf3 e4 5. Nd4 Nxd4 6. Bxd4 d5 7. d3 Be7 8. Nd2 0-0 9. Be2 c5 10. Bb2 b6 11. 0-0 Bf5 12. dxe4 dxe4 13. Nc4 Qc7 14. Be5 Qc6 15. a4 Rad8 16. Qe1 Rd5 17. Rd1 Rfd8 18. Rxd5 Nxd5 19. Qa1 f6 20. Bg3 Nb4 21. Qc3 Nd5 22. Qb2 1/2-1/2

[Event "Stryi Zadorezki Memorial"]
[Site "Stryi"]
[Date "2011.05.03"]
[Round "8"]
[White "Korman, Roman"]
[Black "Shkuran, Danylo"]
[Result "1/2-1/2"]
[WhiteElo "2082"]
[BlackElo "2468"]
[PlyCount "35"]
[EventDate "2011.04.29"]
[EventType "tourn"]
[EventRounds "9"]
[EventCountry "UKR"]
[SourceTitle "CBM 142 Extra"]
[Source "ChessBase"]
[SourceDate "2011.06.27"]
[SourceVersion "1"]
[SourceVersionDate "2011.06.27"]
[SourceQuality "1"]

1. e4 c6 2. d4 d5 3. exd5 cxd5 4. Nf3 Bg4 5. Bb5+ Nd7 6. h3 Bxf3 7. Qxf3 a6 8. Bd3 e6 9. 0-0 Ngf6 10. c3 Be7 11. Nd2 0-0 12. Nb3 Nb6 13. a4 a5 14. Bf4 Ne8 15. Qh5 Nf6 16. Qf3 Ne8 17. Qh5 Nf6 18. Qf3 1/2-1/2

[Event "Stryi Zadorezki Memorial"]
[Site "Stryi"]
[Date "2011.05.02"]
[Round "6"]
[White "Korman, Roman"]
[Black "Krushelnitsky, Yaroslav"]
[Result "1-0"]
[WhiteElo "2082"]
[BlackElo "1815"]
[PlyCount "55"]
[EventDate "2011.04.29"]
[EventType "tourn"]
[EventRounds "9"]
[EventCountry "UKR"]
[SourceTitle "CBM 142 Extra"]
[Source "ChessBase"]
[SourceDate "2011.06.27"]
[SourceVersion "1"]
[SourceVersionDate "2011.06.27"]
[SourceQuality "1"]

1. e4 b6 2. d4 e6 3. f4 Bb7 4. Nc3 Bb4 5. Bd3 Ne7 6. Nf3 h6 7. 0-0 c5 8. Nb5 cxd4 9. a3 Bc5 10. b4 a6 11. Nbxd4 Bxd4+ 12. Nxd4 Nbc6 13. Nxc6 dxc6 14. Bb2 0-0 15. Qg4 f6 16. Qxe6+ Kh8 17. e5 Bc8 18. Qc4 f5 19. Rad1 Qe8 20. Qc3 Nd5 21. Qd4 Qg6 22. Rf3 Rg8 23. c4 Ne7 24. Rg3 Qh5 25. Rf1 Bb7 26. Qxb6 Rab8 27. Qc7 Ng6 28. e6 1-0

[Event "Stryi Zadorezki Memorial"]
[Site "Stryi"]
[Date "2011.04.30"]
[Round "2"]
[White "Korman, Roman"]
[Black "Polishchuk, Oleg"]
[Result "0-1"]
[WhiteElo "2082"]
[BlackElo "2337"]
[PlyCount "98"]
[EventDate "2011.04.29"]
[EventType "tourn"]
[EventRounds "9"]
[EventCountry "UKR"]
[SourceTitle "CBM 142 Extra"]
[Source "ChessBase"]
[SourceDate "2011.06.27"]
[SourceVersion "1"]
[SourceVersionDate "2011.06.27"]
[SourceQuality "1"]

1. e4 g6 2. d4 Bg7 3. Nf3 c6 4. c4 d5 5. cxd5 cxd5 6. exd5 Nf6 7. Nc3 0-0 8. Bc4 Nbd7 9. Bg5 Nb6 10. Bxf6 Bxf6 11. Bb3 Bg4 12. Qd2 Bxf3 13. gxf3 Rc8 14. h4 h5 15. 0-0-0 Nxd5 16. Kb1 Nxc3+ 17. bxc3 Qa5 18. c4 Qxd2 19. Rxd2 a5 20. a4 Rfd8 21. d5 e6 22. Rd3 exd5 23. cxd5 Rd6 24. f4 Rc5 25. Rhh3 b5 26. f5 bxa4 27. Bxa4 Kg7 28. Bc6 Rc4 29. Ra3 Bxh4 30. Rxa5 Bxf2 31. Rf3 Bd4 32. fxg6 fxg6 33. Rb5 Rf6 34. Rb7+ Kh6 35. Rxf6 Bxf6 36. Be8 Rd4 37. Rb6 Kg5 38. d6 h4 39. Rb5+ Kh6 40. d7 h3 41. Rb2 g5 42. Bf7 Rxd7 43. Be6 Rd6 44. Re2 Rxe6 45. Rxe6 Kg6 46. Kc2 h2 47. Re1 g4 48. Kd3 g3 49. Ke4 g2 0-1

[Event "Geller Memorial op-B1 6th"]
[Site "Odessa"]
[Date "2010.08.25"]
[Round "5"]
[White "Andreev, Volodymyr"]
[Black "Korman, Roman"]
[Result "0-1"]
[WhiteElo "1966"]
[BlackElo "2110"]
[PlyCount "98"]
[EventDate "2010.08.21"]
[EventType "swiss"]
[EventRounds "9"]
[EventCountry "UKR"]
[SourceTitle "EXT 2012"]
[Source "ChessBase"]
[SourceDate "2011.11.24"]
[SourceVersion "1"]
[SourceVersionDate "2011.11.24"]
[SourceQuality "1"]

1. e4 e5 2. Nc3 Nf6 3. Bc4 Bc5 4. f4 d5 5. Bxd5 Ng4 6. f5 Nf2 7. Qh5 Qf6 8. d4 g6 9. Bg5 Qa6 10. Bxf7+ Kxf7 11. fxg6+ Qxg6 12. Qxg6+ Kxg6 13. dxc5 Nxh1 14. Nf3 Nc6 15. Be3 Bg4 16. Ke2 Nd4+ 17. Bxd4 exd4 18. Nd5 Rae8 19. Rxh1 Rxe4+ 20. Kf2 Bxf3 21. gxf3 Re5 22. Nf4+ Kf7 23. Nd3 Rf5 24. f4 Re8 25. Rg1 b6 26. cxb6 axb6 27. a4 c5 28. b3 Rh5 29. Rg2 Rh3 30. Kg1 Ree3 31. Ne5+ Ke6 32. Rf2 Rh4 33. Kg2 Rxf4 34. Rxf4 Kxe5 35. Rf2 d3 36. cxd3 Rxd3 37. Rf7 Rxb3 38. Rxh7 Ra3 39. Ra7 c4 40. Ra6 Rb3 41. a5 c3 42. Rxb6 Rxb6 43. axb6 Kd6 44. h4 c2 45. b7 Kc7 46. b8Q+ Kxb8 47. h5 c1Q 48. Kg3 Qh6 49. Kg4 Qh7 0-1